Statistics for Picture to a city

Click here to take the quiz!

General Stats

  • This quiz has been taken 21 times
  • The average score is 8 of 26

Answer Stats

Answer% Correct
Paris
100%
New York
95%
Los Angeles
84%
Tokyo
79%
Dubai
63%
Milan
58%
Madrid
53%
Vatican city
53%
Istanbul
42%
Berlin
37%
Dublin
26%
Mumbai
26%
Cape town
11%
Oslo
11%
Oulu
11%
Taipei
11%
Valletta
11%
Vancouver
11%
Brasilia
5%
Brisbane
5%
Marseille
5%
Panama City
5%
Tripoli
5%
Detroit
0%
Kolkata
0%
Luxemburg
0%

Score Distribution

Percentile by Number Answered

Percent of People with Each Score

Your Score History

You have not taken this quiz